| 000 | 00500nam a22001457a 4500 | ||
|---|---|---|---|
| 005 | 20141002140725.0 | ||
| 008 | 141002b xxu||||| |||| 00| 0 eng d | ||
| 050 |
_aRA 971 _b.G977 2013 |
||
| 100 | _aGupta, Shakti Kumar. | ||
| 245 |
_aDisease outbreak management : _bhospital administrators perspective / _cShakti Kumar Gupta. |
||
| 260 |
_bJaypee Brothers Medical Publishers Ltd., _cc2013. |
||
| 300 |
_a70 pages : _billustrations ; _c21 cm. |
||
| 650 | _aHospital management. | ||
| 942 |
_2lcc _cBK _kFOR |
||
| 999 |
_c276005 _d276005 |
||